Revolutionary flood map (Record no. 117160)

MARC details
000 -LEADER
fixed length control field 01009cam a2200217 4500
001 - CONTROL NUMBER
control field WB4013-09
008 - FIXED-LENGTH DATA ELEMENTS--GENERAL INFORMATION
fixed length control field 040401n2004 000 0 eng u
035 ## - SYSTEM CONTROL NUMBER
System control number (Sirsi) u125703
245 ## - TITLE STATEMENT
Title Revolutionary flood map
260 ## - PUBLICATION, DISTRIBUTION, ETC.
Date of publication, distribution, etc. 2004
490 ## - SERIES STATEMENT
Series statement Norwich Union News Release
Volume/sequential designation 3 March 2004 (2)
520 ## - SUMMARY, ETC.
Summary, etc. Norwich Union has begun rolling out a revolutionary flood map which will enable it to pinpoint the flood risk to individual properties. Using the latest technology, Norwich Union has created a digital map which not only shows whether an individual property is at risk but also how often a flood is likely to happen and to what depth. Digital flood map presentation, http://www.aviva.com/pdf/flood_mapping_presentatio n.pdf. http://www.aviva.com/news/release.cfm?section=medi a&filter=none&ID=1684
590 ## - LOCAL NOTE (RLIN)
Local note WB
590 ## - LOCAL NOTE (RLIN)
Local note WB
650 ## - SUBJECT ADDED ENTRY--TOPICAL TERM
Topical term or geographic name entry element FLOODING
650 ## - SUBJECT ADDED ENTRY--TOPICAL TERM
Topical term or geographic name entry element DIGITAL MAPS
650 ## - SUBJECT ADDED ENTRY--TOPICAL TERM
Topical term or geographic name entry element FLOOD RISK AREAS
650 ## - SUBJECT ADDED ENTRY--TOPICAL TERM
Topical term or geographic name entry element INSURANCE PREMIUMS
690 ## - LOCAL SUBJECT ADDED ENTRY--TOPICAL TERM (OCLC, RLIN)
Topical term or geographic name as entry element INSURANCE
9 (RLIN) 6249
942 ## - ADDED ENTRY ELEMENTS (KOHA)
Suppress in OPAC 0
Holdings
Withdrawn status Lost status Source of classification or shelving scheme Damaged status Not for loan Home library Current library Shelving location Date acquired Total Checkouts Full call number Barcode Date last seen Copy number Price effective from Koha item type
    Dewey Decimal Classification     London London News article 01/04/2004   WB4013-09 125703-1001 06/08/2019 1 06/08/2019 News article